عرض عادي
عرض مارك
- Marsden, Hilda.
مدخل إسم شخص
001 - رقم الضبط
- حقل الضبط: 8391
003 - معرف رقم الضبط
- حقل الضبط: OSt
005 - تاريخ ووقت أخر عملية
- حقل الضبط: 20111214132207.0
008 - عناصر بيانات ثابتة الطول
- حقل تحكم ثابت الطول: 111214|||a|||||| | ||| d
040 ## - مصدر الفهرسة
- هيئة الفهرسة الأصلية: OSt
- وكالة الكتابة: OSt
100 ## - مدخل -- أسم شخص
- إسم شخص: Marsden, Hilda.
670 ## - بيانات المصدر موجوده
- الاستشهاد بالمصدر: Work cat.: (OSt)0: Brontë, Anne, 1820-1849. 8035, Agnes Grey /, 2010.
